000 012893d19a2200361 4500
003 CHAP
005 20220817043654.0
008 000523d1994 mx r 00110 esp d
010 _a81237
011 _a82209
020 _a9682950619
035 _a92697
040 _cCHAP
082 0 4 _a378.972
_bO7 1980-93
100 0 0 _aOrtíz Vera, Heriberto
_ecoord.
_984140
245 1 0 _aSerie histórica de la matrícula de educación superior 1980-1993
_c/coord. por Heriberto Ortíz Vera y Rafaél Villagómez Vera
260 _aMéxico, D. F. :
_bDirección General de Educación Superior,
_c1994.
300 _a109 P. :
_bgráfs.
490 0 _aInformación general y evaluación
590 _aBATCH-UPD
_b10
_c20130110
_lUCH01
_h0745
590 _aBATCH-UPD
_b10
_c20130410
_lUCH01
_h0426
590 _aBATCH-UPD
_b10
_c20130914
_lUCH01
_h1237
590 _aCONVERSION
_b10
_c20130109
_lUCH01
_h1345
650 1 4 _aEducación superior.
650 1 4 _aEducación
_xEstadísticas
_zMéxico.
_935442
650 1 4 _aEstudiantes.
_938489
700 0 _aVillagómez Vera, Rafael.
_9119410
830 0 0 _aInformación general y evaluación
_958087
901 _aMU
905 _aBlanca M. García O.
942 _cLIBRO
949 _a378.972 O7 1980-93
_bBC
_cLIBRO
_d33724000781654
_eLIBRO
_h98005
_i92697
_si
999 _c81237
_d81237